000 00506nam a2200121Ia 4500
008 171212s9999 xx 000 0 und d
020 _a9780833081490
100 _aSpeier, Richard H.;McMahon, K. Scott;Nacouzi, George
245 _cSpeier, Richard H.;McMahon, K. Scott;Nacouzi, George
_aPenaid Nonproliferation
_bHindering the Spread of Countermeasures Against Ballistic Missile Defenses
260 _bRAND Corporation
_c2014
650 _aHistory
856 _uhttp://www.jstor.org/stable/10.7249/j.ctt5vjw5t
999 _c352403
_d352403